000 00784nam a22002417a 4500
005 20240530110436.0
008 150302s2011 ua g ||| 000 f ara d
017 _a22408/2010
_bمصر . دار الكتب المصرية
020 _a9772088975
040 _aEG-CaGPL
041 0 4 _aara
082 0 4 _221
_a817\
_bن ط
100 0 _aناهد الشافعى
245 1 0 _aطيار طار حلمه :
_bمن يوميات مدير /
_cتاليف ناهد الشافعى
250 _aط1
260 _aالقاهرة :
_bمكتبة مدبولى ،
_c2011
300 _a242 ص ؛
_c20 سم
650 0 4 _aالادب الساخر
650 0 4 _aالقصص العربية
650 0 4 _aالقصص القصيرة
942 _2ddc
_cBK
999 _c60961
_d60961